Brunette Cartoon Characters Quiz Stats

Quiz Updated Jul 16, 2016

Also try: Cartoon Blondes
Challenge
Share
Tweet
Score 0/20 Timer 05:00
2 Plays Today
% Correct
Dora Márquez
97.7%
Tarzan
96.9%
Luigi
94.3%
Belle
94%
Waldo
93.9%
Woody
93.7%
Wreck-It Ralph
82.5%
Peter Griffin
82%
Jimmy Neutron
82%
Butt-head
79.7%
% Correct
Ned Flanders
76.5%
Boo
74.2%
Helen Parr
65.4%
Timmy Turner
62.1%
Hank Hill
57.9%
Peppermint Patty
55.5%
Daria Morgendorffer
54.4%
Brock
44.3%
Francine Frensky
36.1%
Hiccup
34%

You're not logged in!

Compare scores with friends on all Sporcle quizzes.
Join for Free
OR
Log In

You Might Also Like...

Show Comments

Extras

Top Quizzes Today


Score Distribution

Your Account Isn't Verified!

In order to create a playlist on Sporcle, you need to verify the email address you used during registration. Go to your Sporcle Settings to finish the process.

Report this User

Report this user for behavior that violates our Community Guidelines.

Details: